Statistiken für Geographie des Nahen Ostens

Klicken Sie hier um das Quiz zu spielen!

Allgemein

  • Dieses Quiz wurde 573 mal gespielt
  • Das Durchschnittsergebnis liegt bei 12 aus 20

Antwortstatistiken

Hinweis Antwort % Korrekt
Welches ist die dominante Religion im Nahen Osten?Islam
95%
Welcher "Streifen" grenzt an Israel, Ägypten und das Mittelmeer?Gazastreifen
84%
Wie heißt die größte Halbinsel Ägyptens?Sinai
79%
Welcher Golf wird häufig als "der Golf" bezeichnet?Persischer Golf
76%
Wie heißt die Hauptstadt von Katar?Doha
74%
Welche Art von Stern findet man auf der Flagge Israels?{David}stern
73%
Das Heimatland welcher Ethnie ist zwischen der Türkei, Syrien, dem Irak und dem Iran aufgeteilt?Kurden
72%
In welcher Stadt finden Sie die Kaaba?Mekka
71%
Welches Land grenzt an Saudi-Arabien nur durch eine kleine, künstliche Insel, die Passport Island genannt wird?Bahrain
66%
Welches ist die zweitgrößte Stadt Syriens - nach Damaskus?Aleppo
60%
Welches ist der höchste Berg der Türkei - und angeblich der Ort, wo Noahs Arche landete?Ararat
57%
Was ist das höchste Gebäude Dubais - und auch das höchste der Welt?Burj Khalifa
56%
Was ist der historische Name für das Gebiet zwischen dem Tigris und dem Euphrat?Mesopotamien
56%
Welche Bergkette trennt den Nahen Osten von Europa?Kaukasus
53%
Die Westbank liegt am linken Ufer welches Flusses?Jordan
52%
Welche Halbinsel macht einen Großteil der Türkei aus?Anatolien
39%
Was ist ein anderer Name für die persische Sprache?Farsi
35%
Wie heißt der größte Damm am Nil?Assuan-Staudamm
35%
Welche Großstadt ist an der jemenitischen Südküste gelegen?Aden
29%
Welches Gebirge, mit dem Buchstaben Z beginnend, verläuft durch den westlichen Iran?Zagros-Gebirge
10%

Verteilung der Resultate

Perzentil nach korrekt beantworteten Fragen

Anzahl Personen mit jedem Resultat

Ihre Resultats-Entwicklung

Sie haben dieses Quiz noch nicht gespielt